000 01742nam0a22002891 4500
001 rc\4670700
005 20250612150047.0
021 _aRU
_b[63-41263]
035 _a(NLR Aleph) 008702109
090 _a9305272
_c9305272
100 _a20130416d1968 |||y0rusy50 ca
101 0 _arus
102 _aRU
105 _ay z |||||
200 1 _aПланирование ассортиментной загрузки производства установление прямых связей между поставщиками и потребителями
_e(Инструктивно-метод. материал)
_fГос. ком. Совета Министров СССР по матер.-техн. снабжению. Высш. курсы по повышению квалификации руководящих и инж.-техн. работников. [ЦБТИМС]
210 _aМосква
_cБ. и.
_d1968
215 _a31 с.
_d22
300 _aВ конце текста сост.: доц. канд. экон. наук П.В. Смирнов
606 _aПромышленные предприятия
_xПрямые связи с торговыми организациями
_2psbo
606 _aПромышленные предприятия
_xМатериально-техническое снабжение
_xПланирование
_2psbo
702 1 _aСмирнов
_bП.В.
_4220
712 0 2 _aВысшие курсы по повышению квалификации руководящих и инж.-техн. работников Гос. ком. по матер.-техн. снабжению. СССР
801 0 _aRU
_bNLR
_gpsbo
801 1 _aRU
_bELAR
_2rusmarc
852 _aNLR
_j68-6/5856
942 _cBOOK
980 _aNB